Das Herz Europas : Prager Geschichten deutschböhmischer und deutschmährischer Autoren / Eingeleitet und herausgegeben von Gabriela und Jiří Veselý
Record details
- ISBN: 80-237-3554-3
- Physical Description: 175 s. ; 21 cm
- Edition: Vyd. v tomto souboru 1.
- Publisher: Praha : Ivo Železný, 1998
Content descriptions
| General Note: | Poznámka o autorech |
Search for related items by subject
| Subject: | Praha (Česko) |
| Genre: | povídky |
Available copies
- 1 of 1 copy available at Common Catalog SPOK.
Holds
- 0 current holds with 1 total copy.
Show Only Available Copies
| Location | Call Number / Copy Notes | Barcode | Shelving Location | Status | Due Date |
|---|---|---|---|---|---|
| The Jewish community of Prague | K 2343 | 4638301502 | K - Beletrie | Available | - |
Electronic resources
Version of Resource: Digitalizovaný dokument
| LDR | 01248nam a2200337 a 4500 | ||
|---|---|---|---|
| 001 | 53365 | ||
| 003 | CZ-PrJAB | ||
| 005 | 19980512000000.0 | ||
| 007 | tu | ||
| 008 | 980427s1998 xr e 000 j ger | ||
| 015 | . | ‡acnb000310127 | |
| 020 | . | ‡a80-237-3554-3 ‡q(váz.) | |
| 035 | . | ‡a(CZ PrNK)cpk19980310127 | |
| 035 | . | ‡a(OCoLC)39593618 | |
| 040 | . | ‡aABA001 ‡bcze | |
| 043 | . | ‡ae-xr--- | |
| 072 | 7. | ‡a821.112.2-3 ‡xNěmecká próza, německy psaná ‡2Konspekt ‡925 | |
| 080 | . | ‡a908.437.1 ‡2undef | |
| 080 | . | ‡a830-32 ‡2undef | |
| 245 | 0 | 4. | ‡aDas Herz Europas : ‡bPrager Geschichten deutschböhmischer und deutschmährischer Autoren / ‡cEingeleitet und herausgegeben von Gabriela und Jiří Veselý |
| 250 | . | ‡aVyd. v tomto souboru 1. | |
| 260 | . | ‡aPraha : ‡bIvo Železný, ‡c1998 | |
| 300 | . | ‡a175 s. ; ‡c21 cm | |
| 500 | . | ‡aPoznámka o autorech | |
| 651 | 7. | ‡aPraha (Česko) ‡7ge118011 ‡2czenas | |
| 655 | 7. | ‡apovídky ‡7fd133105 ‡2czenas | |
| 700 | 1 | . | ‡aVeselý, Jiří, ‡d1932-2009 ‡7jk01142173 ‡4aui ‡4com |
| 700 | 1 | . | ‡aVeselá, Gabriela, ‡d1947- ‡7jk01142088 ‡4aui ‡4com |
| 856 | 4 | 1. | ‡uhttp://krameriusndk.nkp.cz/search/handle/uuid:70c45b40-d2f3-11e4-97af-005056827e51 ‡yDigitalizovaný dokument |
| 910 | . | ‡aABE461 | |
| 995 | . | ‡aska | |
| 901 | . | ‡a53365 ‡bAUTOGEN ‡c53365 ‡tbiblio | |